Catálogo
 En Linea

Obras / (Registro nro. 17516)

Detalles MARC
000 -CABECERA
campo de control de longitud fija 00828cam a22001571 4500
001 - NÚMERO DE CONTROL
campo de control 000017994
005 - FECHA Y HORA DE LA ÚLTIMA TRANSACCIÓN
campo de control 20200929165316.0
008 - DATOS DE LONGITUD FIJA--INFORMACIÓN GENERAL
campo de control de longitud fija 780217m19651993sp c b 001 0 spa
040 ## - FUENTE DE LA CATALOGACIÓN
Centro catalogador/agencia de origen DO-SdBNP
Lengua de catalogación spa
Centro/agencia transcriptor BNPHU
100 1# - ENTRADA PRINCIPAL--NOMBRE DE PERSONA
Nombre de persona Aranguren, Jose Luis L.,
Fechas asociadas al nombre 1909-
9 (RLIN) 39006
245 10 - MENCIÓN DE TÍTULO
Título Obras /
Mención de responsabilidad, etc. Jose Luis L. Aranguren.
260 ## - PUBLICACIÓN, DISTRIBUCIÓN, ETC.
Lugar de publicación, distribución, etc. Madrid, :
Nombre del editor, distribuidor, etc. Editorial Plenitud,
Fecha de publicación, distribución, etc. 1965.
300 ## - DESCRIPCIÓN FÍSICA
Extensión v. : ;
Dimensiones 22 cm.
500 ## - NOTA GENERAL
Nota general Incluye referencias bibliográficas y notas al pie de las páginas
505 0# - NOTA DE CONTENIDO CON FORMATO
Título Estudios sobre el protestantismo y el catolicismo --
-- Catolicismo y protestantismo como formas de existencia --
-- El protestantismo y la moral --
-- Estudios éticos --
-- Zubiri y la religiosidad intelectual --
-- La ética de Ortega --
-- Ética social, sociología y política --
-- La juventud europea y otros ensayos --
-- El futuro de la universidad.
Existencias
Estado de retiro Estado de pérdida Restricciones de uso No para préstamo Código de colección Localización permanente Ubicación/localización actual Ubicación en estantería Fecha de adquisición Número de inventario Total de préstamos Signatura topográfica completa Código de barras Fecha visto por última vez Precio válido a partir de Tipo de ítem Koha
      Excluido de préstamo Monografías: Libros y Folletos General General En catalogación 08.04.2010 LF1   17994-10 25.06.2020 25.06.2020 No se presta

Con tecnología Koha